| 000 | 00504nam a2200169Ia 4500 | ||
|---|---|---|---|
| 003 | GCL | ||
| 008 | 140319s9999 xx 000 0 ara d | ||
| 040 |
_aGCL / _cGCL |
||
| 082 | 0 | 4 |
_a922.1 _bس س |
| 100 | 1 | _aسيد رضوان على | |
| 245 | 1 | 0 |
_aالسلطان محمد الفاتح : بطل الفتح الاسلامى فى اوربا الشرقية / _cسيد رضوان على |
| 300 | _a92 ص | ||
| 490 | _a | ||
| 650 | 0 | 4 | _aالاسلام |
| 650 | 0 | 4 | _aمحمد الفاتح |
| 942 |
_2ddc _cBK |
||
| 999 |
_c45721 _d45721 |
||